Pythagorean-hodograph curves : algebra and geometry inseparable
Αποθηκεύτηκε σε:
| Κύριος συγγραφέας: | |
|---|---|
| Μορφή: | Βιβλίο |
| Γλώσσα: | English |
| Δημοσίευση: |
Berlin ; New York :
Springer,
c2008
|
| Σειρά: | Geometry and computing ;
; 1 |
| Θέματα: | |
| Ετικέτες: |
Προσθήκη ετικέτας
Δεν υπάρχουν, Καταχωρήστε ετικέτα πρώτοι!
|
MARC
| LEADER | 00000nam a2200000 i 4500 | ||
|---|---|---|---|
| 001 | 1/84802 | ||
| 008 | 080513s2008 eng d | ||
| 020 | |a 978-3-540-73397-3 | ||
| 035 | |l 10097271 | ||
| 040 | |a GR-MY-UA |b gre |e aacr | ||
| 041 | 0 | |a eng | |
| 082 | 0 | |a 516.15 |2 (22) | |
| 100 | 1 | |a Farouki, Rida A. M. T. |d 1957- | |
| 245 | 1 | 0 | |a Pythagorean-hodograph curves : |b algebra and geometry inseparable / |c Rida T. Farouki |
| 260 | |a Berlin ; New York : |b Springer, |c c2008 | ||
| 300 | |a xvi, 728 σ.; |b εικ.; |c 24 εκ. | ||
| 490 | 1 | |a Geometry and computing |v ; 1 | |
| 504 | |a Περιέχει βιβλιογραφικές παραπομπές (σ. [697]-718) και ευρετήριο | ||
| 650 | 0 | 0 | |a Pythagorean-hodograph curves. |
| 650 | 0 | 0 | |a Hodograph equations. |
| 650 | 0 | 0 | |a Pythagorean theorem. |
| 650 | 0 | 0 | |a Geometry, Analytic. |
| 650 | 0 | 0 | |a Curves |x Computer-aided design. |
| 830 | 0 | |a Geometry and computing ; |v ; 1 | |
| 852 | |a INST |b SAMOS |e 20080513 |h 516.15 FAR |p 005300030385 |q 005300030385 |t BK |y 0 | ||
| 901 | |a BIBL3-2008-2 | ||
| 909 | |a Σ |b 151639 | ||
| 922 | |a 3ΕΛΗ |b 200803 |c ΕΠΕΑΕΚ2/ΤΜΗΜΑ ΜΑΘΗΜΑΤΙΚΩΝ |d ΠΑΠΑΣΩΤΗΡΙΟΥ | ||
| 970 | |a ΡΟΥΣΣΟΥ |b ΚΩΝΣΤΑΝΤΙΝΑ |z 2008/05/13 | ||